000
00251nam a2200097Ia 4500
001
687439
005
20250826161556.0
008
250824s9999 xx 000 0 und d
245
0
_a
SAHİBİNİ ARAYAN KEMAN
_c
KORAY AVCI ÇAKMAN
260
_b
TUDEM YAYINLARI
999
_c
687439
_d
687439